Colleges and Universities in the State of North Carolina - Statistics

General Stats
  • This quiz has been taken 145 times
  • The average score is 20 of 49
Answer Stats
Location Institution % Correct
Winston-Salem Carolina University
90%
Winston-Salem Wake Forest University
90%
Durham Duke University
87%
Charlotte University of North Carolina at Charlotte
87%
Greensboro University of North Carolina at Greensboro
85%
Elon Elon University
83%
Wilmington University of North Carolina at Wilmington
82%
Chapel Hill University of North Carolina at Chapel Hill
80%
Boone Appalachian State University
77%
Raleigh North Carolina State University
77%
Greenville East Carolina University
75%
Davidson Davidson College
72%
Asheville University of North Carolina at Asheville
72%
High Point High Point University
70%
Pembroke University of North Carolina at Pembroke
65%
Cullowhee Western Carolina University
55%
Fayetteville Fayetteville State University
53%
Wingate Wingate University
50%
Greensboro Greensboro College
49%
Buies Creek Campbell University
48%
Mount Olive University of Mount Olive
42%
Mars Hill Mars Hill University
41%
Brevard Brevard College
39%
Durham North Carolina Central University
38%
Winston-Salem Winston-Salem State University
37%
Charlotte Queens University of Charlotte
36%
Montreat Montreat College
34%
Belmont Belmont Abbey College
31%
Boiling Springs Gardner-Webb University
29%
Elizabeth City Elizabeth City State University
28%
Raleigh Meredith College
28%
Salisbury Catawba College
20%
Greensboro Guilford College
19%
Hickory Lenoir-Rhyne University
17%
Fayetteville Methodist University
13%
Raleigh Shaw University
13%
Banner Elk Lees-McRae College
12%
Charlotte Johnson C. Smith University
11%
Wilson Barton College
10%
Greensboro North Carolina A&T State University
9%
Rocky Mount North Carolina Wesleyan University
9%
Charlotte Johnson & Wales University, Charlotte
8%
Swannanoa Warren Wilson College
8%
Murfreesboro Chowan University
7%
Laurinburg St. Andrews University
6%
Raleigh Saint Augustine's University
5%
Salisbury Livingstone College
4%
Wake Forest Southeastern Baptist Theological Seminary
3%
Misenheimer Pfeiffer University
2%
No matching quizzes found
Score Distribution
Percent of People with Each Score
Percentile by Number Answered
Your Score History
You have not taken this quiz